Home Print Resources E-Books E-Journals IIMT Lecture Series Library Membership Form Book Recommendation Form Campus Tour Take AdmissionAbout Us Contact Us

ESSENTIALS OF PHARMACY LAW AND ETHICS (Record no. 56248)

000 -LEADER
fixed length control field nam a22 7a 4500
003 - CONTROL NUMBER IDENTIFIER
control field OSt
005 - DATE AND TIME OF LATEST TRANSACTION
control field 20230110150023.0
008 - FIXED-LENGTH DATA ELEMENTS--GENERAL INFORMATION
fixed length control field 230110b xxu||||| |||| 00| 0 eng d
040 ## - CATALOGING SOURCE
Transcribing agency IIMT UNIVERSITY MEERUT
100 ## - MAIN ENTRY--PERSONAL NAME
Personal name SHARMA ,SHALINI
245 ## - TITLE STATEMENT
Title ESSENTIALS OF PHARMACY LAW AND ETHICS
260 ## - PUBLICATION, DISTRIBUTION, ETC.
Place of publication, distribution, etc. JALANDHAR
Name of publisher, distributor, etc. PEE VEE
Date of publication, distribution, etc. 2022
300 ## - PHYSICAL DESCRIPTION
Extent 174
942 ## - ADDED ENTRY ELEMENTS (KOHA)
Source of classification or shelving scheme
Koha item type Reference Book
Holdings
Withdrawn status Lost status Source of classification or shelving scheme Damaged status Not for loan Home library Current library Source of acquisition Cost, normal purchase price Total Checkouts Barcode Date last seen Price effective from Koha item type
          IIMT SCHOOL OF PHARMACEUTICAL SCIENCES IIMT SCHOOL OF PHARMACEUTICAL SCIENCES PEE VEE 255.00   27-B-1985 01/10/2023 01/10/2023 Reference Book
IIMT, Central Library. All Rights Reserved IIMT,UNIVERSITY © 2023
Implemented and Customised by I CLOUDE EMS
You Are OPAC Visitor No
free web counter

Powered by Koha